• 首页
  • 本馆介绍
  • 公告通知
  • 最新文献
  • 馆藏检索
  • 电子资源
  • 读者导购
  • 参考咨询
  • 我的图书馆
  • 登录
  • 详细信息显示
  • 放入我的书架
  • 预约/预借图书
  • 作者相关作品
  • 分类相关作品
  • 丛书相关作品
  • 出版社相关作品

书目信息

  • 表格格式
  • 工作单格式
  • 卡片格式
题名:
体育场所服务标准和有关法律法规汇编
    
 
作者: ;国家体育总局体育经济司 编
分册:  
出版信息: 北京   中国标准出版社  2005.05
页数: 572页
开本: 26cm
丛书名:
单 册:
中图分类: G818
科图分类:
主题词: 体育事业--世界
电子资源:
ISBN: 7-5066-3783-9
000 00786nam0 2200217 450
001 0780751373
005 20071212222730.67
010    @a7-5066-3783-9@dCNY100.00
100    @a20071212d2005 km y0chiy0120 ea
101 0  @achi
102    @aCN@b110000
200 1  @a体育场所服务标准和有关法律法规汇编@Ati yu chang suo fu wu biao zhun he you guan fa lu fa gui hui bian@e标准卷@f国家体育总局体育经济司编@Fguo jia ti yu zong ju ti yu jing ji si bian
210    @a北京@c中国标准出版社@d2005.05
215    @a572页@d26cm
517 1  @a标准卷@Abiao zhun juan
606 0  @a体育事业@x世界
690    @aG818@v4
711 02 @a国家体育总局体育经济司@Aguo jia ti yu zong ju ti yu jing ji si@4编
801  0 @aCN@b大连网信软件有限公司图书馆@c20071212
905    @aBZT@dG818@e1
906    @dCNY100.00@n0@r1
    
    体育场所服务标准和有关法律法规汇编:标准卷/国家体育总局体育经济司编.-北京:中国标准出版社,2005.05
    572页;26cm
    
    
    ISBN 7-5066-3783-9:CNY100.00
    
●
相关链接 在五车中查询图书 在当当中查询图书 在豆瓣中查询图书


正题名:体育场所服务标准和有关法律法规汇编     索取号:G818/1         预约/预借

序号 登录号 条形码 馆藏地/架位号 状态 备注
1 602895   2000602895   中心书库北库/ 北库026架A面3列6层31/ [索取号:G818/1] 在馆    
2 602896   2000602896   中心书库北库/ 北库026架A面3列6层30/ [索取号:G818/1] 在馆    
3 602897   2000602897   中心书库北库/ 北库026架A面3列6层23/ [索取号:G818/1] 在馆    
4 602898   2000602898   中心书库北库/ 北库026架A面3列6层32/ [索取号:G818/1] 在馆    
5 602899   2000602899   中心书库北库/ 北库026架A面3列6层26/ [索取号:G818/1] 在馆    
6 602900   2000602900   中心书库北库/ 北库026架A面3列6层25/ [索取号:G818/1] 在馆    
7 602901   2000602901   中心书库北库/ 北库026架A面3列6层24/ [索取号:G818/1] 在馆    
8 602902   2000602902   中心书库北库/ 北库026架A面3列6层29/ [索取号:G818/1] 在馆    
9 602903   2000602903   中心书库北库/ 北库026架A面3列6层28/ [索取号:G818/1] 在馆    
10 602904   2000602904   中心书库北库/ 北库026架A面3列6层27/ [索取号:G818/1] 在馆    
山东省滨州职业学院图书馆 欢迎您!
大连网信软件有限公司© 版权所有